झूठा सच भाग 2 (Record no. 167566)
| 000 -LEADER | |
|---|---|
| fixed length control field | 00559nam a2200193Ia 4500 |
| 003 - CONTROL NUMBER IDENTIFIER | |
| control field | LDD |
| 008 - FIXED-LENGTH DATA ELEMENTS--GENERAL INFORMATION | |
| fixed length control field | 190117s9999 xx 000 0 und d |
| 020 ## - INTERNATIONAL STANDARD BOOK NUMBER | |
| Terms of availability | ₹65 |
| 040 ## - CATALOGING SOURCE | |
| Transcribing agency | LDD |
| 041 ## - LANGUAGE CODE | |
| Language code of text/sound track or separate title | hi |
| 082 ## - DEWEY DECIMAL CLASSIFICATION NUMBER | |
| Classification number | 8H3.7 य 6925 झू-5 |
| 100 ## - MAIN ENTRY--PERSONAL NAME | |
| Personal name | यशपाल |
| 245 #0 - TITLE STATEMENT | |
| Title | झूठा सच भाग 2 |
| Statement of responsibility, etc. | यशपाल |
| 246 ## - VARYING FORM OF TITLE | |
| Title proper/short title | jutha sach bhge 2 |
| Remainder of title | देश का भविष्य |
| 250 ## - EDITION STATEMENT | |
| Edition statement | 5 वाँ सं. |
| 260 ## - PUBLICATION, DISTRIBUTION, ETC. | |
| Place of publication, distribution, etc. | इलाहाबाद |
| Name of publisher, distributor, etc. | लोकभारती |
| Date of publication, distribution, etc. | 1983 |
| 300 ## - PHYSICAL DESCRIPTION | |
| Extent | 616प्र. |
| 942 ## - ADDED ENTRY ELEMENTS (KOHA) | |
| Source of classification or shelving scheme | Dewey Decimal Classification |
| Koha item type | Hindi Books |
| Withdrawn status | Lost status | Source of classification or shelving scheme | Damaged status | Not for loan | Home library | Current library | Date acquired | Total Checkouts | Full call number | Barcode | Date last seen | Price effective from | Koha item type |
|---|---|---|---|---|---|---|---|---|---|---|---|---|---|
| No | Dewey Decimal Classification | Library and Documentation Division | Library and Documentation Division | 01/17/2019 | 8H3.7 य 6925 झू-5 | H000237 | 01/17/2019 | 01/17/2019 | Hindi Books |
